CIEVNATÉ RASTLINY HORSKÝCH LÚK NÁRODNEJ PRÍRODNEJ REZERVÁCIE ČERGOVSKÝ MINČOL

Podrobná bibliografia
Hlavný autor: Kliment, Ján, 1954- (Autor)
Médium: Článok
Jazyk:slovenčina

MARC

LEADER 00000nab a2200000ua 4500
001 vtls010771943
003 SK-MaSNL
005 20260303104917.0
008 230121s1998 xo |||||||||||||||||slo|
035 |a (urnnbn)urn:nbn:sk:snk:ar-a0346u 
035 |a (uuid)c9664deb-9898-431f-9b78-af2e5ec2f8b0 
035 |a urn:nbn:sk:snk-ab4q0y 
040 |a SNKBUCL  |b slo  |c SNKBUCL  |e AACR2 
041 0 |a slo 
044 |a xo  |c SK 
100 1 |a Kliment, Ján,  |d 1954-  |4 aut  |9 197677 
245 1 0 |a CIEVNATÉ RASTLINY HORSKÝCH LÚK NÁRODNEJ PRÍRODNEJ REZERVÁCIE ČERGOVSKÝ MINČOL  |c Ján Kliment 
773 0 |t Ochrana prírody  |g Roč. 16, č. 16 (1998), s. 105-118 
954 |a odborná, vedecká literatúra pôvodná (slovenská)  |2 lita 
958 |a OND 
958 |a EUIPO 
958 |a article3 
999 |c 1860013  |d 1861943